000 00487nam a2200181Ia 4500
005 20250508150209.0
008 008 250505s9999 xx 000 0 eng d
037 _aTextual
040 _aFEDL
_beng
_cFEDL
041 _aeng
_2eng
084 _a199.492, RAT
_qFEDL
100 _aRatner Joseph
245 0 _aPhilosophy of spinoza
260 _aNew York, USA
_bModern Library
_c1927
300 _alxx,376p
942 _cTEXL
_h199.492, RAT
999 _c1322329
_d1322329